000 00601nam a2200229Ia 4500
003 OSt
005 20221006164456.0
006 a|||||r|||| 00| 0
007 ta
008 221006b |||||||| |||| 00| 0 hin d
024 _a4,458
037 _cTextual
040 _aFML
_cFML
_bhin
041 _2hin
_ahin
082 _aY744 5264, P2
100 _aChaatak Govind Au.
_9677576
245 0 _aGarhwali Lok Geet
260 _aDelhi
_bBharti Printers India
_c2000
300 _a400
_ccm.
942 _hY744 5264, P2
_cTEXL
_2CC
999 _c1117394
_d1117394